Central Library and Information Centre
Sibsagar Girls' College, Sivasagar : Assam

IRRIGATION DEVELOPMENT AND AGARIAN CHANGE : A STUDY IN SINDH,PAKISTAN (Record no. 9285)

MARC details
000 -LEADER
fixed length control field 00471cam a2200181ua 4500
008 - FIXED-LENGTH DATA ELEMENTS--GENERAL INFORMATION
fixed length control field 160711n II |||gr||||Z||||||eng
040 ## - CATALOGING SOURCE
Original cataloging agency MAIN
041 ## - LANGUAGE CODE
-- English
082 ## - DEWEY DECIMAL CLASSIFICATION NUMBER
Classification number 333.913 PER
100 ## - MAIN ENTRY--PERSONAL NAME
Personal name PERERA,JAYANTA.
245 ## - TITLE STATEMENT
Title IRRIGATION DEVELOPMENT AND AGARIAN CHANGE : A STUDY IN SINDH,PAKISTAN
260 ## - PUBLICATION, DISTRIBUTION, ETC.
Place of publication, distribution, etc. JAIPUR:
Name of publisher, distributor, etc. RAWAT PUB.,
Date of publication, distribution, etc. 2003.
300 ## - PHYSICAL DESCRIPTION
Extent 311:
Dimensions 22CM.
700 ## - ADDED ENTRY--PERSONAL NAME
Personal name PERERA,JAYANTA.,
Relator term Author.
942 ## - ADDED ENTRY ELEMENTS (KOHA)
Koha item type Books
653 ## - INDEX TERM--UNCONTROLLED
Uncontrolled term Economics
Holdings
Withdrawn status Lost status Damaged status Not for loan Collection code Home library Current library Shelving location Date acquired Full call number Barcode Date last seen Copy number Price effective from Koha item type
        REFECO Central Library and Information Centre Sibsagar Girls College Central Library and Information Centre Sibsagar Girls College Economics Rack 01.08.2006 333.913 PER 21468 27.02.2020 1 27.02.2020 Books


Sibsagar Girl's College © 2020. All rights reserved.
Powered by Koha.
Maintained by Abhijit Borpuzari.